Statystyki dla Top 100 Polski Youtube

Kliknij tutaj aby rozwiązać quiz!

Ogólne statystyki

  • Ten quiz został rozwiązany 141 razy
  • Średni wynik to 17 z 100

Statystyki odpowiedzi

HintOdpowiedź% Poprawnych
1Blowek
90%
3Stuu
74%
4Karol Friz Wiśniewski
70%
5reZigiusz
70%
29WERSOW
63%
41Tromba
50%
6SA Wardega
45%
7AbstrachujeTV
43%
51Marcin Dubiel
43%
31tomasz gimper działowy
41%
13IsAmu
40%
72MINI MAJK
39%
9Naruciak
39%
37Mandzio
37%
35TheNitroZyniak
34%
60BOXDEL
31%
62Boruciak
29%
15Kamerzysta
29%
2Bazylland
28%
8Step Records
27%
38BEKSY
25%
21izak LIVE
25%
47ROJSON
24%
14SBM Label
24%
18Karolek
23%
12Planeta Faktów
23%
165 Sposobów na...
22%
11DISCO MAREK
22%
27Kaluch
21%
54skkf
20%
32Wojan
20%
78WAKSY
19%
57Agnieszka Grzelak Vlog
18%
36DeeJayPallaside
18%
24QueQuality
18%
65Z Dvpy
18%
64Remigiusz Maciaszek
17%
86Agnieszka Grzelak Beauty
16%
39JDabrowsky
16%
43Niekryty Krytyk
16%
69Ponki
16%
59smiechawaTV
16%
17Vito Minecraft
16%
70wip bros
16%
68Red Lipstick Monster
14%
49THEUNBOXALL
14%
89Cyber Marian
13%
76Dominik Łupicki
13%
90Poszukiwacz
13%
73Sitr0x
13%
74AdBuster
12%
40FIT LOVERS
12%
100ZeboPL
12%
75Dawid Frank
10%
81Historia bez cenzury
9%
48JASNA STRONA
9%
26SPInkafilmstudio
9%
85TRENUJ Z KRZYCHEM
9%
34KaliGanjaMafia
8%
30ProstoTV
8%
98Topowa Dycha
8%
25tvnpl
8%
33BRACIA MALCZYŃSCY
7%
10Car Music
7%
77Martin Stankiewicz
7%
93Medusa Official
7%
92NIEPRZYGOTOWANI: Nowe Pokolenie
7%
66RoxMb
7%
96TVGRYpl
7%
61UrbanRecTv
7%
63Zajcu37
7%
195-minutowe Sztuczki
6%
58Taco Hemingway
6%
28YOUNG MULTI & YFL
6%
44Dizowskyy
5%
67NewBadLabel
5%
97NOLIF
5%
45BORCREW OFFICIAL
4%
42GPlay: Minecraft Jest Nasz!
4%
99True Beauty
4%
23Baby's adventure
2%
94binkie.tv
2%
56Cyberpunk 2077
2%
88Dilerek Minecraft
2%
82Disco Polo Lajf
2%
53DominikGameStreamer
2%
80Mateusz M
2%
91Miłośnicy czterech kółek -zró…
2%
50MNXHD
2%
71TVN Series
2%
55Boomerang Polska
1%
79Enduro KeX
1%
20JuzzyGamePlay
1%
46MagicRecordsPoland
1%
87Peppa Pig Polski - Kanał Oficjalny
1%
84Sky Kids Toys
1%
83Śpiewające Brzdące - Piosenki d…
1%
52Baby Dinosaurs
0%
95GilathissNew
0%
22lzuniy
0%

Rozkład punktacji

Percentyl według liczby udzielonych odpowiedzi

Procent ludzi z każdym wynikiem

Twoja historia wyników

Nie rozwiązałeś tego quizu